[Event "POL-ch U18"]
[Site "Murzasichle"]
[Date "2011.03.07"]
[Round "4"]
[White "Jedras, Piotr"]
[Black "Statucki, Maciej"]
[Result "0-1"]
[WhiteElo "1946"]
[BlackElo "1836"]
[PlyCount "62"]
[EventDate "2011.03.05"]
[EventType "swiss"]
[EventRounds "9"]
[EventCountry "POL"]
[SourceTitle "EXT 2012"]
[Source "ChessBase"]
[SourceDate "2011.11.24"]
[SourceVersion "1"]
[SourceVersionDate "2011.11.24"]
[SourceQuality "1"]

1. e4 c5 2. Nf3 Nc6 3. d4 cxd4 4. Nxd4 Nf6 5. Nc3 e5 6. Ndb5 d6 7. Bg5 a6 8. Na3 b5 9. Nd5 Be7 10. Bxf6 Bxf6 11. c3 Ne7 12. Nxf6+ gxf6 13. Bd3 Bb7 14. Qe2 d5 15. 0-0-0 Qb6 16. Nc2 0-0-0 17. Kb1 Kb8 18. g3 Rd7 19. exd5 Nxd5 20. Rhe1 h5 21. Ne3 h4 22. Nxd5 Bxd5 23. Qc2 hxg3 24. hxg3 Rhd8 25. Bf5 Rd6 26. Kc1 b4 27. c4 Bf3 28. Rxd6 Qxd6 29. Be4 Bxe4 30. Rxe4 f5 31. c5 Qh6+ 0-1

[Event "POL-chT U19 2nd League"]
[Site "Chelm Lubelski"]
[Date "2010.07.12"]
[Round "8"]
[White "Palka, Dominika"]
[Black "Jedras, Piotr"]
[Result "0-1"]
[WhiteElo "1740"]
[BlackElo "1962"]
[PlyCount "56"]
[EventDate "2010.07.06"]
[EventType "team-tourn"]
[EventRounds "11"]
[EventCountry "POL"]
[SourceTitle "EXT 2011"]
[Source "ChessBase"]
[SourceDate "2010.11.26"]
[SourceVersion "1"]
[SourceVersionDate "2010.11.26"]
[SourceQuality "1"]
[WhiteTeam "Warszawa UKS Czternastka U19"]
[BlackTeam "Kielce KMKSz Victoria U19"]
[WhiteTeamCountry "POL"]
[BlackTeamCountry "POL"]

1. e4 c5 2. Nf3 d6 3. d4 cxd4 4. Nxd4 Nf6 5. Nc3 g6 6. Be3 a6 7. Be2 Bg7 8. f3 Nbd7 9. Qd2 h5 10. 0-0-0 Qc7 11. Kb1 b5 12. h3 h4 13. Qe1 Bb7 14. Bg5 b4 15. Nd5 Bxd5 16. exd5 Nxd5 17. Nb3 N7b6 18. Bd3 Rc8 19. Qe2 0-0 20. Bxh4 Na4 21. c4 Ndc3+ 22. bxc3 Nxc3+ 23. Kc2 Nxe2 24. Bxe2 d5 25. Rxd5 Qf4 26. Bg5 Qg3 27. Bf1 e6 28. Rd1 Qxg5 0-1

[Event "POL-chT U19 2nd League"]
[Site "Chelm Lubelski"]
[Date "2010.07.11"]
[Round "7"]
[White "Sobolewski, Bartosz"]
[Black "Jedras, Piotr"]
[Result "1-0"]
[WhiteElo "1885"]
[BlackElo "1962"]
[PlyCount "103"]
[EventDate "2010.07.06"]
[EventType "team-tourn"]
[EventRounds "11"]
[EventCountry "POL"]
[SourceTitle "EXT 2011"]
[Source "ChessBase"]
[SourceDate "2010.11.26"]
[SourceVersion "1"]
[SourceVersionDate "2010.11.26"]
[SourceQuality "1"]
[WhiteTeam "Krakow KKSz 1893 U19"]
[BlackTeam "Kielce KMKSz Victoria U19"]
[WhiteTeamCountry "POL"]
[BlackTeamCountry "POL"]

1. e4 c5 2. Nf3 d6 3. d4 cxd4 4. Nxd4 Nf6 5. Nc3 g6 6. Be3 Bg7 7. f3 Nc6 8. Qd2 0-0 9. 0-0-0 d5 10. exd5 Nxd5 11. Nxc6 bxc6 12. Bd4 e5 13. Bc5 Be6 14. Ne4 Re8 15. h4 h6 16. g4 Qc7 17. g5 h5 18. Bc4 Red8 19. Qf2 Nf4 20. Bxe6 Nxe6 21. Nf6+ Bxf6 22. gxf6 Rd5 23. Be7 Qa5 24. Kb1 Rb8 25. b3 Nd4 26. Qe3 Kh7 27. c4 Rd7 28. Rd3 Nf5 29. Qe4 Ng3 30. Rxd7 Nxe4 31. fxe4 Qc3 32. Rc1 Qe3 33. Bd6 Qxe4+ 34. Rc2 Re8 35. Rxf7+ Kh8 36. Rxa7 Qe1+ 37. Kb2 Qxh4 38. f7 Qd4+ 39. Kb1 Rd8 40. c5 Qf4 41. Rd2 Rc8 42. Re7 Qf1+ 43. Kb2 Kg7 44. Bxe5+ Kf8 45. Rdd7 Qf2+ 46. Kb1 Ra8 47. Re8+ Rxe8 48. Bg7+ Kxg7 49. fxe8Q+ Kh6 50. Qh8+ Kg5 51. Qe5+ Kg4 52. Qd4+ 1-0

[Event "POL-chT U19 2nd League"]
[Site "Chelm Lubelski"]
[Date "2010.07.07"]
[Round "3"]
[White "Czornik, Janusz"]
[Black "Jedras, Piotr"]
[Result "0-1"]
[WhiteElo "1814"]
[BlackElo "1962"]
[PlyCount "70"]
[EventDate "2010.07.06"]
[EventType "team-tourn"]
[EventRounds "11"]
[EventCountry "POL"]
[SourceTitle "EXT 2011"]
[Source "ChessBase"]
[SourceDate "2010.11.26"]
[SourceVersion "1"]
[SourceVersionDate "2010.11.26"]
[SourceQuality "1"]
[WhiteTeam "Gliwice Carbo U19"]
[BlackTeam "Kielce KMKSz Victoria U19"]
[WhiteTeamCountry "POL"]
[BlackTeamCountry "POL"]

1. e4 c5 2. Nf3 d6 3. d4 cxd4 4. Nxd4 Nf6 5. Nc3 g6 6. Be3 Bg7 7. f3 Nc6 8. Qd2 0-0 9. 0-0-0 d5 10. exd5 Nxd5 11. Nxd5 Qxd5 12. Nxc6 Qxc6 13. Bh6 Be6 14. Bxg7 Kxg7 15. Qd4+ Kg8 16. Bd3 Bxa2 17. Qb4 Be6 18. Qxe7 Qa4 19. Qa3 Qf4+ 20. Kb1 Rad8 21. Be4 b5 22. g3 Qc7 23. Rxd8 Rxd8 24. Bd3 Qb7 25. Be4 Qb6 26. f4 b4 27. Qf3 Qa5 28. b3 Rd6 29. Bb7 Qb6 30. Be4 Qd4 31. Bc6 Bd5 32. Bxd5 Rxd5 33. Qd3 Qxd3 34. cxd3 Rxd3 35. Kc2 Rf3 0-1

[Event "POL-ch U16"]
[Site "Karpacz"]
[Date "2010.03.12"]
[Round "9"]
[White "Prazmowski, Bartosz"]
[Black "Jedras, Piotr"]
[Result "0-1"]
[WhiteElo "1862"]
[BlackElo "1975"]
[PlyCount "64"]
[EventDate "2010.03.06"]
[EventType "swiss"]
[EventRounds "11"]
[EventCountry "POL"]
[SourceTitle "CBM 135 Extra"]
[Source "ChessBase"]
[SourceDate "2010.05.04"]
[SourceVersion "1"]
[SourceVersionDate "2010.05.04"]
[SourceQuality "1"]

1. d4 Nf6 2. Nf3 c5 3. d5 d6 4. Nc3 g6 5. e4 Bg4 6. Be2 Bxf3 7. Bxf3 Nbd7 8. 0-0 Bg7 9. Be2 0-0 10. Be3 a6 11. a4 Qb6 12. Rb1 Qb4 13. f3 Rfb8 14. Bd2 Ne8 15. Nb5 Qxa4 16. Ra1 axb5 17. Rxa4 bxa4 18. Bb5 Bxb2 19. Bxd7 a3 20. Bc1 Bd4+ 21. Be3 Bxe3+ 22. Kh1 a2 23. Qa1 Ra3 24. Rd1 Bd4 25. Rxd4 cxd4 26. Bb5 Rc8 27. Bd3 Nc7 28. Bc4 Na6 29. Bxa2 Rxc2 30. h4 Raxa2 31. Qxd4 Rxg2 32. f4 Rgd2 0-1

[Event "POL-ch U16"]
[Site "Karpacz"]
[Date "2010.03.09"]
[Round "5"]
[White "Grzeskow, Adrian"]
[Black "Jedras, Piotr"]
[Result "1-0"]
[WhiteElo "1763"]
[BlackElo "1975"]
[PlyCount "71"]
[EventDate "2010.03.06"]
[EventType "swiss"]
[EventRounds "11"]
[EventCountry "POL"]
[SourceTitle "CBM 135 Extra"]
[Source "ChessBase"]
[SourceDate "2010.05.04"]
[SourceVersion "1"]
[SourceVersionDate "2010.05.04"]
[SourceQuality "1"]

1. e4 c5 2. Nf3 d6 3. Bc4 g6 4. 0-0 Bg7 5. c3 Nf6 6. Re1 0-0 7. Bb3 Nc6 8. h3 c4 9. Bxc4 Nxe4 10. Rxe4 d5 11. Bxd5 Qxd5 12. Re1 e5 13. d4 exd4 14. cxd4 Nxd4 15. Nxd4 Qxd4 16. Qxd4 Bxd4 17. Nc3 Be6 18. Be3 Bxe3 19. fxe3 Rac8 20. Red1 Rc5 21. Rd4 Kg7 22. Rad1 b5 23. Kf2 a5 24. a3 Rfc8 25. R1d2 h5 26. e4 f5 27. exf5 Rxf5+ 28. Kg3 g5 29. Rd6 h4+ 30. Kh2 Bf7 31. R6d4 Re8 32. Ne4 Rf1 33. Nxg5 Ree1 34. Rxh4 Bg6 35. Nf3 Rb1 36. Rg4 1-0